Hand book of political science & constitution quiz book / (Record no. 85055)

MARC details
000 -LEADER
fixed length control field 00759nam a22002177a 4500
005 - DATE AND TIME OF LATEST TRANSACTION
control field 20140813153014.0
010 ## - LCCN (DPL NO)
LC control number B-528966-967 ENG-110469
020 ## - INTERNATIONAL STANDARD BOOK NUMBER
International Standard Book Number 8188069523
Terms of availability 350.00
035 ## - SYSTEM CONTROL NUMBER
System control number B-528966-967
035 ## - SYSTEM CONTROL NUMBER
System control number EN-94001
037 ## - SOURCE OF ACQUISITION
Stock number dpl
Source of stock number/acquisition Janvani Parkashan/Ven
037 ## - SOURCE OF ACQUISITION
Source of stock number/acquisition DBAD/PUB
082 ## - DEWEY DECIMAL CLASSIFICATION NUMBER
Classification number 320
100 ## - MAIN ENTRY--PERSONAL NAME
Personal name Ratnam, Kamla
245 ## - TITLE STATEMENT
Title Hand book of political science & constitution quiz book /
Statement of responsibility, etc by Kamla Ratnam
260 ## - PUBLICATION, DISTRIBUTION, ETC. (IMPRINT)
Place of publication, distribution, etc Delhi
Name of publisher, distributor, etc Swarjya Mandir Prakashan
Date of publication, distribution, etc 2012
270 ## - ADDRESS
Address Block C-8, H.No.174, Yamuna Vihaar
City Delhi
Postal code 110053
300 ## - PHYSICAL DESCRIPTION
Extent 176p.
Dimensions 22cm(Hb)
942 ## - ADDED ENTRY ELEMENTS (KOHA)
Source of classification or shelving scheme Dewey Decimal Classification
Item type English Books
Classification part 320
Call number suffix RAT
Holdings
Withdrawn status Lost status Not for loan Collection code Home library Current library Date acquired Source of acquisition Cost, normal purchase price Full call number Barcode Copy number Cost, replacement price Koha item type
    Not For Loan Non-fiction D.B.Act.Division D.B.Act.Division 11/07/2014 DBAD/PUB 350.00 320 RAT EN-94001 1 350.00 English Books
      Non-fiction Janak Puri Janak Puri 12/06/2014 Janvani Prakashan/6177/28.10.2013/30/10.10.2013/2.12.2013 350.00 320 RAT B-528967 1 350.00 English Books
      Non-fiction Patel Nagar Patel Nagar 12/06/2014 Janvani Prakashan/6177/28.10.2013/30/10.10.2013/2.12.2013 350.00 320 RAT B-528966 1 350.00 English Books

© Delhi Public Library
Hit Counter
free hit counter